The Fish Lands : German trade with Iceland, Shetland and the Faroe Islands in the late 15th and 16th Century (Record no. 90855)

MARC details
000 -LEADER
fixed length control field 01297nam a2200229Ia 4500
000 - LEADER
fixed length control field 01889naaa 00361uu
001 - CONTROL NUMBER
control field https://directory.doabooks.org/handle/20.500.12854/63625
005 - DATE AND TIME OF LATEST TRANSACTION
control field 20260218110030.0
008 - FIXED-LENGTH DATA ELEMENTS--GENERAL INFORMATION
fixed length control field 211013s9999 xx 000 0 und d
024 ## - OTHER STANDARD IDENTIFIER
Standard number or code 10.1515/9783110655575
042 ## - AUTHENTICATION CODE
Authentication code dc
245 #0 - TITLE STATEMENT
Title The Fish Lands : German trade with Iceland, Shetland and the Faroe Islands in the late 15th and 16th Century
260 ## - PUBLICATION, DISTRIBUTION, ETC.
Place of publication, distribution, etc. Berlin/Boston
Name of publisher, distributor, etc. De Gruyter
Date of publication, distribution, etc. 2020
300 ## - PHYSICAL DESCRIPTION
Extent 1 electronic resource (638 p.)
520 ## - SUMMARY, ETC.
Summary, etc. Based on newly uncovered archival sources as well as archaeological studies, this book offers the first extensive overview of the German trade with the North Atlantic in English. It challenges assumptions about the backwardness of the German North Atlantic trade, and argues that merchants did not so much rely on an old model of trading, but were adapting their trading system to the special natural and socio-economic circumstances on the islands.
540 ## - TERMS GOVERNING USE AND REPRODUCTION NOTE
Terms governing use and reproduction Creative Commons
653 ## - INDEX TERM--UNCONTROLLED
Uncontrolled term Hanse
700 1# - ADDED ENTRY--PERSONAL NAME
Personal name Holterman, Bart
856 ## - ELECTRONIC LOCATION AND ACCESS
Uniform Resource Identifier <a href="https://docs.google.com/spreadsheets/d/1yKIrdCPDAG_9c22mwoOIO2DOhtj65Wqa/edit?usp=sharing&ouid=106555315294820607512&rtpof=true&sd=true ">https://docs.google.com/spreadsheets/d/1yKIrdCPDAG_9c22mwoOIO2DOhtj65Wqa/edit?usp=sharing&ouid=106555315294820607512&rtpof=true&sd=true </a>
Link text List of Curated E-Books
942 ## - ADDED ENTRY ELEMENTS (KOHA)
Koha item type E-Book

No items available.

University of Rizal System
Email us at univlibservices@urs.edu.ph

Visit our Website www.urs.edu.ph/library